<?xml version="1.0" encoding="UTF-8"?>
<record
    xmlns:xsi="http://www.w3.org/2001/XMLSchema-instance"
    xsi:schemaLocation="http://www.loc.gov/MARC21/slim http://www.loc.gov/standards/marcxml/schema/MARC21slim.xsd"
    xmlns="http://www.loc.gov/MARC21/slim">

  <leader>00861nam a2200241 a 4500</leader>
  <controlfield tag="001">BRL_1793</controlfield>
  <controlfield tag="005">20190320211353.0</controlfield>
  <controlfield tag="008">030815s1935----mx-ab#####---#000-0#spa-#</controlfield>
  <datafield tag="041" ind1=" " ind2=" ">
    <subfield code="a">spa</subfield>
  </datafield>
  <datafield tag="044" ind1=" " ind2=" ">
    <subfield code="a">mx</subfield>
  </datafield>
  <datafield tag="050" ind1=" " ind2="4">
    <subfield code="a">F1230</subfield>
    <subfield code="b">.L67 1935</subfield>
  </datafield>
  <datafield tag="100" ind1="1" ind2=" ">
    <subfield code="a">L&#xF3;pez Portillo y Weber, Jos&#xE9;.</subfield>
    <subfield code="9">10109</subfield>
  </datafield>
  <datafield tag="245" ind1="1" ind2="0">
    <subfield code="a">La conquista de la Nueva Galicia</subfield>
    <subfield code="c">Jos&#xE9; L&#xF3;pez Portillo y Weber.</subfield>
  </datafield>
  <datafield tag="260" ind1=" " ind2=" ">
    <subfield code="a">M&#xE9;xico</subfield>
    <subfield code="b">SEP. Depto. de Monumentos</subfield>
    <subfield code="c">1935</subfield>
  </datafield>
  <datafield tag="300" ind1=" " ind2=" ">
    <subfield code="a">382 p.</subfield>
    <subfield code="b">il., 1 mapa plegable</subfield>
    <subfield code="c">23 cm.</subfield>
  </datafield>
  <datafield tag="500" ind1=" " ind2=" ">
    <subfield code="a">Contribuci&#xF3;n de la SEP al XXVI Congreso Internacional de Americanistas, reunido en Sevilla Espa&#xF1;a, el 12 de octubre de 1935</subfield>
  </datafield>
  <datafield tag="500" ind1=" " ind2=" ">
    <subfield code="a">Au1929</subfield>
  </datafield>
  <datafield tag="651" ind1=" " ind2="4">
    <subfield code="a">Nueva Galicia</subfield>
    <subfield code="x">Historia</subfield>
    <subfield code="9">10110</subfield>
  </datafield>
  <datafield tag="651" ind1=" " ind2="4">
    <subfield code="a">M&#xE9;xico</subfield>
    <subfield code="x">Historia</subfield>
    <subfield code="y">Conquista, 1519-1540</subfield>
    <subfield code="9">442</subfield>
  </datafield>
  <datafield tag="651" ind1=" " ind2="4">
    <subfield code="a">M&#xE9;xico</subfield>
    <subfield code="x">Historia</subfield>
    <subfield code="y">Periodo colonial, 1540-1810</subfield>
    <subfield code="9">4206</subfield>
  </datafield>
  <datafield tag="902" ind1=" " ind2=" ">
    <subfield code="a">GRL</subfield>
  </datafield>
  <datafield tag="942" ind1=" " ind2=" ">
    <subfield code="2">lcc</subfield>
    <subfield code="c">B</subfield>
  </datafield>
  <datafield tag="999" ind1=" " ind2=" ">
    <subfield code="c">10601</subfield>
    <subfield code="d">10601</subfield>
  </datafield>
  <datafield tag="952" ind1=" " ind2=" ">
    <subfield code="0">0</subfield>
    <subfield code="1">0</subfield>
    <subfield code="4">0</subfield>
    <subfield code="7">0</subfield>
    <subfield code="a">BRL</subfield>
    <subfield code="b">BRL</subfield>
    <subfield code="d">2015-08-03</subfield>
    <subfield code="i">Au1929</subfield>
    <subfield code="l">0</subfield>
    <subfield code="o">F1230 .L67 1935 (Au1929)</subfield>
    <subfield code="p">GRL01964</subfield>
    <subfield code="r">2019-03-22 00:00:00</subfield>
    <subfield code="w">2019-03-22</subfield>
    <subfield code="y">B</subfield>
  </datafield>
</record>
